LEADER 01382nam 2200457 450 001 9910467550403321 005 20200520144314.0 010 $a3-8325-9559-7 035 $a(CKB)4340000000244060 035 $a(MiAaPQ)EBC5231149 035 $a(Au-PeEL)EBL5231149 035 $a(CaPaEBR)ebr11539709 035 $a(OCoLC)1021807427 035 $a(EXLCZ)994340000000244060 100 $a20180529d2015 uy 0 101 0 $ager 135 $aurcnu|||||||| 181 $ctxt$2rdacontent 182 $cc$2rdamedia 183 $acr$2rdacarrier 200 10$aIntellektuellen-Weltbilder und postkommunistische Transformation $eChina und Russland in vergleichender Perspektive /$fMichael Ma?nnel 210 1$aBerlin :$cLogos Verlag Berlin GmbH,$d[2015] 210 4$dİ2015 215 $a1 online resource (291 pages) 311 $a3-8325-4083-0 606 $aPost-communism$zChina 606 $aPost-communism$zRussia (Federation) 606 $aCommunism 608 $aElectronic books. 615 0$aPost-communism 615 0$aPost-communism 615 0$aCommunism. 676 $a338.951 700 $aMa?nnel$b Michael$0937050 801 0$bMiAaPQ 801 1$bMiAaPQ 801 2$bMiAaPQ 906 $aBOOK 912 $a9910467550403321 996 $aIntellektuellen-Weltbilder und postkommunistische Transformation$92110555 997 $aUNINA LEADER 01718nam 2200529 a 450 001 9910778130103321 005 20230721031611.0 010 $a1-59332-284-4 035 $a(CKB)1000000000476823 035 $a(OCoLC)490988571 035 $a(CaPaEBR)ebrary10225133 035 $a(SSID)ssj0000150720 035 $a(PQKBManifestationID)11144506 035 $a(PQKBTitleCode)TC0000150720 035 $a(PQKBWorkID)10281095 035 $a(PQKB)10765629 035 $a(MiAaPQ)EBC3016823 035 $a(Au-PeEL)EBL3016823 035 $a(CaPaEBR)ebr10225133 035 $a(EXLCZ)991000000000476823 100 $a20061025d2007 uy 0 101 0 $aeng 135 $aurcn||||||||| 181 $ctxt 182 $cc 183 $acr 200 10$aEvaluating citizen oversight of police$b[electronic resource] /$fBrenda A. Buren 210 $aNew York $cLFB Scholarly Pub. LLC$d2007 215 $a1 online resource (237 p.) 225 1 $aCriminal justice 300 $aBibliographic Level Mode of Issuance: Monograph 311 $a1-59332-099-X 320 $aIncludes bibliographical references (p. 219-226) and index. 410 0$aCriminal justice (LFB Scholarly Publishing LLC) 606 $aPolice administration$zUnited States$xCitizen participation 606 $aPolice$xComplaints against$zUnited States 615 0$aPolice administration$xCitizen participation. 615 0$aPolice$xComplaints against 676 $a363.2068/4 700 $aBuren$b Brenda A.$f1966-$01570239 801 0$bMiAaPQ 801 1$bMiAaPQ 801 2$bMiAaPQ 906 $aBOOK 912 $a9910778130103321 996 $aEvaluating citizen oversight of police$93843727 997 $aUNINA